[Event "Lichtenberger Sommer 2018"]
[Site "?"]
[Date "2018.08.18"]
[Round "1.1"]
[White "Stern, René"]
[Black "Mayer, Herbert"]
[Result "1-0"]
[WhiteElo "2519"]
[BlackElo "1840"]
[PlyCount "49"]
[EventDate "2018.??.??"]
[WhiteTeam "SK König Tegel"]
[BlackTeam "SC Rochade (Berlin)"]

1. Nf3 Nf6 2. c4 g6 3. Nc3 d5 4. e3 Bg7 5. Qb3 dxc4 6. Bxc4 O-O 7. d4 Nc6 8.
Be2 Nd7 9. e4 Nb6 10. d5 Nd4 11. Nxd4 Bxd4 12. Bg5 Nd7 13. O-O Bf6 14. Be3 Re8
15. f4 e5 16. dxe6 Rxe6 17. Bc4 Re7 18. e5 Bg7 19. Rad1 Qf8 20. Nd5 Nb6 21. Bc5
Nxd5 22. Bxd5 Bg4 23. Bxe7 Qxe7 24. Qxb7 Rd8 25. Bf3 1-0

[Event "Lichtenberger Sommer 2018"]
[Site "?"]
[Date "2018.08.18"]
[Round "1.2"]
[White "Keusch, Horst"]
[Black "Berger, Steve"]
[Result "0-1"]
[WhiteElo "1932"]
[BlackElo "2428"]
[PlyCount "62"]
[EventDate "2018.??.??"]
[WhiteTeam "SC Friesen Lichtenberg"]
[BlackTeam "SK König Tegel"]

1. f4 d5 2. Nf3 c6 3. b3 Bg4 4. e3 Nd7 5. Bb2 Qc7 6. Be2 Bxf3 7. Bxf3 e5 8. g3
Ngf6 9. Nc3 O-O-O 10. Ne2 h5 11. c3 h4 12. Qc2 Bd6 13. O-O-O e4 14. Bg2 Nc5 15.
Kb1 h3 16. Bf1 Nd3 17. Nd4 Nf2 18. Be2 Qd7 19. Rhf1 Nxd1 20. Qxd1 c5 21. Nc2
Kb8 22. Na3 d4 23. exd4 cxd4 24. Bb5 Qe7 25. Nc4 a6 26. Nxd6 Rxd6 27. Bc4 b5
28. Be2 d3 29. Bg4 e3 30. dxe3 d2 31. Be2 Nd5 0-1

[Event "Lichtenberger Sommer 2018"]
[Site "?"]
[Date "2018.08.18"]
[Round "1.3"]
[White "Ahmadinia, Ebrahim"]
[Black "Schmidt, Jürgen"]
[Result "1-0"]
[WhiteElo "2418"]
[BlackElo "1874"]
[PlyCount "91"]
[EventDate "2018.??.??"]
[WhiteTeam "SF 1903 Berlin"]
[BlackTeam "SC Kreuzberg"]

1. e4 e5 2. Nf3 Nc6 3. Bb5 a6 4. Ba4 Nf6 5. O-O b5 6. Bb3 Be7 7. Re1 d6 8. c3
O-O 9. h3 Na5 10. Bc2 c5 11. d4 cxd4 12. cxd4 Qc7 13. Nbd2 Bd7 14. Nf1 Rac8 15.
Bb1 h6 16. Ne3 Rfe8 17. Bd2 Nc4 18. Nxc4 bxc4 19. Bc3 Bf8 20. Bc2 Bc6 21. d5
Bd7 22. Rc1 g5 23. Nh2 Qd8 24. Ba4 Bxa4 25. Qxa4 Qd7 26. Qxa6 g4 27. hxg4 Nxg4
28. Nxg4 Qxg4 29. Re3 Kh7 30. Rce1 Qd7 31. Rg3 Rc7 32. Ree3 Rec8 33. Ref3 Ra7
34. Rxf7+ Qxf7 35. Qxc8 Rxa2 36. Qg4 Bg7 37. Kh2 Ra7 38. Rf3 Qg6 39. Kh3 Qxg4+
40. Kxg4 Kg6 41. Bb4 h5+ 42. Kh3 Rb7 43. Bxd6 Rxb2 44. Rg3+ Kf6 45. Rxg7 c3 46.
Rc7 1-0

[Event "Lichtenberger Sommer 2018"]
[Site "?"]
[Date "2018.08.18"]
[Round "1.4"]
[White "Matitschka, Johannes"]
[Black "Gullaksen, Eirik"]
[Result "0-1"]
[WhiteElo "1774"]
[BlackElo "2357"]
[PlyCount "88"]
[EventDate "2018.??.??"]
[WhiteTeam "TSG Oberschöneweide"]
[BlackTeam "Bergens Schakklub"]

1. e4 c5 2. Nf3 Nc6 3. d3 g6 4. g3 Bg7 5. Bg2 d6 6. O-O e5 7. Nbd2 Nge7 8. Nc4
b5 9. Ne3 O-O 10. h4 h6 11. h5 g5 12. g4 Rb8 13. Nf5 Nxf5 14. gxf5 d5 15. Be3
Qd6 16. Nh2 Bd7 17. Qf3 f6 18. Rfd1 Rfc8 19. c3 d4 20. Bd2 Be8 21. Rab1 Bf7 22.
b3 dxc3 23. Bxc3 a5 24. Nf1 a4 25. Nd2 Ra8 26. bxa4 b4 27. Nc4 Qc7 28. Bb2 Rxa4
29. a3 Bxc4 30. dxc4 bxa3 31. Bxa3 Nd4 32. Qd3 Qf7 33. Bb2 Rxc4 34. Bxd4 cxd4
35. Bf1 Rc3 36. Qa6 Qxh5 37. Be2 Qh4 38. Rb7 g4 39. Qe6+ Kh8 40. Qf7 Qg5 41.
Rdb1 g3 42. f4 exf4 43. Rb8 f3 44. Bxf3 Qe3+ 0-1

[Event "Lichtenberger Sommer 2018"]
[Site "?"]
[Date "2018.08.18"]
[Round "1.5"]
[White "Figura, Atila Gajo"]
[Black "Schumacher, Gerhard"]
[Result "1-0"]
[WhiteElo "2389"]
[BlackElo "1759"]
[PlyCount "71"]
[EventDate "2018.??.??"]
[WhiteTeam "SK Zehlendorf"]
[BlackTeam "SG BVG Helmholz 55"]

1. d4 d6 2. e4 Nf6 3. Nc3 c6 4. f4 Qa5 5. e5 Ne4 6. Nf3 Bg4 7. Be2 Bxf3 8. Bxf3
Nxc3 9. Qd2 e6 10. bxc3 d5 11. O-O Be7 12. Be2 O-O 13. f5 exf5 14. Rxf5 c5 15.
Bd3 c4 16. Be2 Qb6 17. Rh5 Na6 18. Bg4 Nc7 19. Bf5 h6 20. Qe2 Rfe8 21. Qg4 Kh8
22. e6 Bf8 23. Bxh6 gxh6 24. Rg5 Be7 25. Rg7 Bg5 26. Rh7+ Kg8 27. Qh5 Re7 28.
Rxf7 Rxe6 29. Bxe6 Qxe6 30. Rxc7 Rf8 31. Rxb7 Qe4 32. h3 Qf5 33. Qe2 Qg6 34.
Re1 Kh8 35. Qe5+ Bf6 36. Rf1 1-0

[Event "Lichtenberger Sommer 2018"]
[Site "?"]
[Date "2018.08.18"]
[Round "1.6"]
[White "Plaza Reino, Mercedes"]
[Black "Florstedt, Johannes"]
[Result "0-1"]
[WhiteElo "1701"]
[BlackElo "2306"]
[PlyCount "88"]
[EventDate "2018.??.??"]
[WhiteTeam "Enniscorthy Chess Club"]
[BlackTeam "SF 1903 Berlin"]

1. d4 Nf6 2. Nf3 g6 3. c4 Bg7 4. Nc3 d5 5. cxd5 Nxd5 6. e4 Nxc3 7. bxc3 c5 8.
Bb5+ Nc6 9. O-O cxd4 10. cxd4 O-O 11. Be3 Bg4 12. Bxc6 bxc6 13. Rc1 Qa5 14. h3
Bxf3 15. Qxf3 Qxa2 16. Rxc6 a5 17. Rfc1 a4 18. R6c2 Qb3 19. Qe2 a3 20. Ra2 Rfc8
21. Rca1 Rc3 22. Kh2 e6 23. Qd1 Qc4 24. Qd2 Ra4 25. Rb1 Ra8 26. Rba1 Bf8 27.
Qe2 Qc6 28. Bd2 Rc4 29. Qd3 Rd8 30. Be3 Bd6+ 31. Kg1 Rc3 32. Qd2 Bb4 33. Qe2
Qxe4 34. Qd1 Qc6 35. Qe2 Rc8 36. Kh2 Bd6+ 37. Kg1 Qd5 38. Bd2 Rc2 39. Rxc2 Rxc2
40. Qd3 Rc4 41. Be3 e5 42. Rd1 exd4 43. Bxd4 a2 44. g3 Rxd4 0-1

[Event "Lichtenberger Sommer 2018"]
[Site "?"]
[Date "2018.08.18"]
[Round "1.7"]
[White "Hacker, Jonas"]
[Black "Stein, Siegfried"]
[Result "1-0"]
[WhiteElo "2316"]
[BlackElo "1822"]
[PlyCount "121"]
[EventDate "2018.??.??"]
[WhiteTeam "SC Eppingen"]
[BlackTeam "SV Berolina Mitte"]

1. e4 e5 2. Nf3 Nc6 3. Bb5 Nf6 4. O-O Bc5 5. d3 Nd4 6. Nxd4 Bxd4 7. c3 Bb6 8.
Nd2 c6 9. Ba4 d6 10. Bb3 Qe7 11. Nc4 Bc7 12. Ne3 h6 13. Qf3 g6 14. a4 a5 15.
Bc2 Be6 16. d4 h5 17. dxe5 dxe5 18. h3 Nh7 19. Rd1 Rd8 20. Rxd8+ Qxd8 21. Nf1
Qf6 22. Qe3 O-O 23. Nh2 Rd8 24. Rb1 Ba2 25. Ra1 Qe6 26. Nf3 Bb3 27. Bd3 Bc4 28.
Bb1 Rd1+ 29. Kh2 Qf6 30. Bc2 Rd7 31. b3 Be6 32. Ba3 Bd8 33. Rd1 Rxd1 34. Bxd1
Ng5 35. Qxg5 Qxg5 36. Nxg5 Bxg5 37. Bd6 f6 38. Bc7 Bd2 39. Bxa5 Kf7 40. Kg1 Ke8
41. Kf1 Kd7 42. Ke2 Bg5 43. Bb6 f5 44. exf5 gxf5 45. Bc2 e4 46. f3 exf3+ 47.
Kxf3 Bd5+ 48. Kf2 Be6 49. Be3 f4 50. Bc5 Kc7 51. c4 b6 52. Bd4 Be7 53. Bg6 h4
54. Kf3 Bd6 55. Bf2 Be5 56. Bxh4 b5 57. axb5 cxb5 58. Bd3 bxc4 59. Bxc4 Bd7 60.
Ke4 Kd6 61. Be7+ 1-0

[Event "Lichtenberger Sommer 2018"]
[Site "?"]
[Date "2018.08.18"]
[Round "1.8"]
[White "Schmalzried, Volker"]
[Black "Teh, Eu Wen Aron"]
[Result "0-1"]
[WhiteElo "1807"]
[BlackElo "2286"]
[PlyCount "44"]
[EventDate "2018.??.??"]
[WhiteTeam "vereinslos"]
[BlackTeam "Imperial College Chess Club"]

1. c4 Nf6 2. d4 e6 3. Nc3 Bb4 4. Nf3 d5 5. cxd5 exd5 6. e3 O-O 7. Bd3 c5 8.
dxc5 Nbd7 9. O-O Nxc5 10. a3 Bxc3 11. bxc3 Bg4 12. Be2 Rc8 13. Bb2 Qb6 14. Qc2
Bf5 15. Qd2 Nfe4 16. Qxd5 Be6 17. Qe5 Qxb2 18. Nd4 Qb6 19. Rab1 Qd6 20. Qh5
Nxc3 21. Nxe6 Nxe2+ 22. Qxe2 Qxe6 0-1

[Event "Lichtenberger Sommer 2018"]
[Site "?"]
[Date "2018.08.18"]
[Round "1.9"]
[White "Petersen, Soren Boeck"]
[Black "Birkholz, Axel"]
[Result "1-0"]
[WhiteElo "2212"]
[BlackElo "1858"]
[PlyCount "61"]
[EventDate "2018.??.??"]
[WhiteTeam "Damhus Skakklub"]
[BlackTeam "SR Spaichingen"]

1. e4 c5 2. c3 Nf6 3. e5 Nd5 4. Nf3 d6 5. Bc4 dxe5 6. Nxe5 e6 7. O-O Bd6 8. d4
O-O 9. Nd2 Qc7 10. Re1 cxd4 11. cxd4 Nc6 12. Nef3 Bd7 13. Bd3 h6 14. Nc4 Bb4
15. Re4 Be7 16. a3 Bf6 17. Bd2 Rac8 18. Qe2 Rfd8 19. h3 Be8 20. Re1 Qd7 21. Bb1
Nde7 22. Nce5 Qd5 23. Bc3 Nf5 24. Rf4 g5 25. Rxf5 exf5 26. Bxf5 Rc7 27. Ng4 Bg7
28. Qxe8+ Rxe8 29. Rxe8+ Bf8 30. Nf6+ Kg7 31. Nxd5 1-0

[Event "Lichtenberger Sommer 2018"]
[Site "?"]
[Date "2018.08.18"]
[Round "1.10"]
[White "Hassan, Youssef Ayman"]
[Black "Boetzer, Detlef"]
[Result "0-1"]
[WhiteElo "1750"]
[BlackElo "2218"]
[PlyCount "114"]
[EventDate "2018.??.??"]
[WhiteTeam "SG NARVA Berlin"]
[BlackTeam "SC Rotation Pankow"]

1. e4 c5 2. Nf3 g6 3. d4 cxd4 4. Nxd4 Bg7 5. Be3 Nc6 6. Nc3 Nf6 7. f3 O-O 8.
Qd2 d5 9. Nxc6 bxc6 10. O-O-O Qa5 11. Bh6 dxe4 12. Bxg7 Kxg7 13. fxe4 Be6 14.
Kb1 Rab8 15. b3 Rfd8 16. Bd3 Qe5 17. h4 h5 18. Rhe1 Bg4 19. Rc1 a5 20. Na4 Rb4
21. Qc3 Qxc3 22. Nxc3 Nd7 23. Be2 Be6 24. Rcd1 Rc8 25. Rd2 Ne5 26. Red1 c5 27.
Rd8 Rc7 28. Ra8 Nc6 29. Bb5 Na7 30. Be2 Kf6 31. a3 Rb6 32. Na4 Rbc6 33. Bf3 Ke5
34. Nb2 c4 35. bxc4 Bxc4 36. Nxc4+ Rxc4 37. Rd5+ Kf4 38. Rxa5 Nc8 39. Bd1 Rxe4
40. Rg5 Nd6 41. g3+ Ke3 42. Rb8 e5 43. Rb3+ Kf2 44. Rd3 Nc4 45. g4 hxg4 46.
Bxg4 Re1+ 47. Bd1 e4 48. Rd4 Nxa3+ 49. Ka2 Nxc2 50. Rd2+ Ke3 51. Rxc2 Ra7+ 52.
Kb2 Rxd1 53. Rgg2 Rb7+ 54. Ka2 Rd6 55. Rce2+ Kf4 56. Ref2+ Ke5 57. Rg5+ f5 0-1

[Event "Lichtenberger Sommer 2018"]
[Site "?"]
[Date "2018.08.18"]
[Round "1.11"]
[White "Polatel, Ali"]
[Black "Schubert, Joachim"]
[Result "1-0"]
[WhiteElo "2230"]
[BlackElo "1845"]
[PlyCount "75"]
[EventDate "2018.??.??"]
[WhiteTeam "SC Zugzwang 95 (Berlin)"]
[BlackTeam "SC Friesen Lichtenberg"]

1. d4 f5 2. g3 Nf6 3. Bg2 c6 4. c4 e6 5. Nf3 Bb4+ 6. Bd2 Qa5 7. O-O Bxd2 8.
Qxd2 Qxd2 9. Nbxd2 O-O 10. c5 b6 11. b4 Na6 12. a3 Nc7 13. Rfe1 Ncd5 14. Nc4
Ba6 15. Nce5 Nc3 16. Bf1 h6 17. h4 Rad8 18. a4 Nce4 19. b5 cxb5 20. cxb6 axb6
21. e3 Ng4 22. axb5 Bc8 23. Ra2 d6 24. Nc4 Bb7 25. Nh2 Bd5 26. Rb2 Bxc4 27.
Bxc4 d5 28. Bf1 Ngf6 29. Rc1 Rb8 30. Rc6 Kf7 31. Nf3 Ng4 32. Ra2 Rfc8 33. Ne5+
Nxe5 34. dxe5 Rxc6 35. bxc6 Rc8 36. Ra7+ Ke8 37. Ba6 Kd8 38. Rd7+ 1-0

[Event "Lichtenberger Sommer 2018"]
[Site "?"]
[Date "2018.08.18"]
[Round "1.13"]
[White "Kapp, Martin"]
[Black "Jeß, Arne"]
[Result "1-0"]
[WhiteElo "2233"]
[BlackElo "1814"]
[PlyCount "51"]
[EventDate "2018.??.??"]
[WhiteTeam "SV Erzgebirge Stollberg"]
[BlackTeam "TSG Fredersdorf/Vogelsdorf"]

1. d4 d5 2. c4 e5 3. dxe5 d4 4. Nf3 Nc6 5. g3 Nge7 6. Bg2 Ng6 7. O-O Ngxe5 8.
Nbd2 Be7 9. a3 Nxf3+ 10. Nxf3 Bf6 11. b4 d3 12. Ra2 dxe2 13. Rxe2+ Be6 14. Qc2
O-O 15. Rd1 Qc8 16. Ng5 Bf5 17. Be4 Bxe4 18. Nxe4 Be7 19. Nc3 Rd8 20. Nd5 Bf8
21. Bb2 Rd6 22. b5 Nd8 23. Re8 Qd7 24. Qe2 f6 25. Re1 Kf7 26. Qh5+ 1-0

[Event "Lichtenberger Sommer 2018"]
[Site "?"]
[Date "2018.08.18"]
[Round "1.14"]
[White "Schneider, Eckehard"]
[Black "Lampe, Dirk"]
[Result "0-1"]
[WhiteElo "1837"]
[BlackElo "2188"]
[PlyCount "48"]
[EventDate "2018.??.??"]
[WhiteTeam "SF 1903 Berlin"]
[BlackTeam "Lübecker SV"]

1. e4 c5 2. c3 Nf6 3. e5 Nd5 4. Nf3 d6 5. Bc4 e6 6. O-O dxe5 7. Nxe5 Bd6 8. Re1
O-O 9. d4 Qc7 10. Na3 a6 11. Bd3 cxd4 12. cxd4 Nd7 13. Nac4 Bb4 14. Bd2 b5 15.
Nxd7 bxc4 16. Bxh7+ Kxh7 17. Nxf8+ Bxf8 18. Rc1 Bd7 19. Qc2+ Kg8 20. Qxc4 Qb6
21. Bc3 Bb5 22. Qb3 Nf4 23. Rcd1 Qc6 24. f3 Ba4 0-1

[Event "Lichtenberger Sommer 2018"]
[Site "?"]
[Date "2018.08.18"]
[Round "1.15"]
[White "Kohler, Thomas"]
[Black "Metzinger, Hannes"]
[Result "1-0"]
[WhiteElo "2161"]
[BlackElo "1734"]
[PlyCount "101"]
[EventDate "2018.??.??"]
[WhiteTeam "SC Zitadelle Spandau"]
[BlackTeam "SK Ottenau"]

1. Nf3 Nf6 2. c4 c5 3. g3 d5 4. cxd5 Nxd5 5. Bg2 Nc6 6. Nc3 Nc7 7. a3 e5 8. b4
cxb4 9. axb4 Bxb4 10. Nxe5 Bxc3 11. Nxc6 Qf6 12. dxc3 bxc6 13. Qd4 Qxd4 14.
cxd4 Kd7 15. Bf4 Nd5 16. Bd2 Re8 17. e3 Kd6 18. O-O Bf5 19. Ra3 Bg6 20. Rfa1
Re7 21. Ra5 Rb7 22. e4 Nc7 23. Rc1 Kd7 24. Bf4 Rab8 25. d5 cxd5 26. Bh3+ Kd8
27. Rac5 Ne6 28. Rxd5+ Ke7 29. Bd6+ Ke8 30. Bxb8 Rxb8 31. f3 Rb7 32. Re5 Re7
33. Ra1 Nd4 34. Rxe7+ Kxe7 35. Rxa7+ Kf6 36. Kf2 Bh5 37. e5+ Kg5 38. f4+ Kh6
39. g4 Bg6 40. f5 Nc6 41. fxg6 fxg6 42. e6 Nxa7 43. e7 Nc6 44. e8=Q Nd4 45. Qd8
Nf3 46. Bf1 Ng5 47. Ke3 Nf3 48. Be2 Ng5 49. h4 Ne6 50. g5+ Nxg5 51. hxg5# 1-0

[Event "Lichtenberger Sommer 2018"]
[Site "?"]
[Date "2018.08.18"]
[Round "1.16"]
[White "Kautz, Stefan"]
[Black "Sieglen, Joachim"]
[Result "1/2-1/2"]
[WhiteElo "1894"]
[BlackElo "2196"]
[PlyCount "50"]
[EventDate "2018.??.??"]
[WhiteTeam "SC Empor Maulwurf Bonn"]
[BlackTeam "SC Untergrombach"]

1. e4 e6 2. d3 d5 3. Nd2 c5 4. g3 Nc6 5. Bg2 Nf6 6. Ngf3 Be7 7. O-O O-O 8. Re1
b5 9. c3 Ba6 10. a3 Bb7 11. e5 Nd7 12. d4 cxd4 13. cxd4 b4 14. Nb3 bxa3 15.
bxa3 Ba6 16. Bf1 Bxf1 17. Kxf1 Rb8 18. Bd2 Qb6 19. Re3 Rfc8 20. Rc3 Nd8 21.
Rxc8 Rxc8 22. Bb4 Bxb4 23. axb4 Qxb4 24. Rxa7 Qb6 25. Ra1 h6 1/2-1/2

[Event "Lichtenberger Sommer 2018"]
[Site "?"]
[Date "2018.08.18"]
[Round "1.17"]
[White "Kunz, Andre"]
[Black "Rehmsmeier, Marc"]
[Result "1-0"]
[WhiteElo "2159"]
[BlackElo "1735"]
[PlyCount "113"]
[EventDate "2018.??.??"]
[WhiteTeam "BSV 63 Chemie Weißensee"]
[BlackTeam "SK International Berlin 2010"]

1. e4 e5 2. Nf3 Nc6 3. Bc4 Nf6 4. d3 Be7 5. O-O O-O 6. Re1 d6 7. a4 Na5 8. Ba2
c5 9. c3 Bg4 10. h3 Bh5 11. Nbd2 Kh8 12. Nf1 h6 13. Ng3 Bg6 14. Nh4 Nh7 15.
Nhf5 Bg5 16. b4 cxb4 17. cxb4 Nc6 18. Ba3 Bxf5 19. Nxf5 Ne7 20. Ne3 Bxe3 21.
Rxe3 f5 22. d4 fxe4 23. dxe5 d5 24. b5 Re8 25. Qg4 Qc8 26. Bxe7 Qxg4 27. hxg4
Rxe7 28. Bxd5 Rxe5 29. Bxb7 Rae8 30. Rae1 Nf6 31. f3 Kg8 32. Bxe4 Kf8 33. Kf2
Rc5 34. Bc6 Rxe3 35. Rxe3 Rc2+ 36. Re2 Rc4 37. a5 Rc5 38. Kg3 Kf7 39. Rb2 Ke7
40. Ba8 Nd7 41. Be4 Rc8 42. Bf5 Rc5 43. b6 axb6 44. Bxd7 Kxd7 45. Rxb6 Ke7 46.
a6 Ra5 47. Kf4 Kf7 48. Ke4 h5 49. gxh5 Rxh5 50. g4 Ra5 51. f4 Ra4+ 52. Ke5 Ra5+
53. Kd6 Ra4 54. Rb7+ Kf6 55. a7 Ra6+ 56. Kc7 Ra4 57. Kb8 1-0

[Event "Lichtenberger Sommer 2018"]
[Site "?"]
[Date "2018.08.18"]
[Round "1.18"]
[White "Krüger, Ekkehard"]
[Black "Hesse, Henrik"]
[Result "1-0"]
[WhiteElo "1854"]
[BlackElo "2137"]
[PlyCount "20"]
[EventDate "2018.??.??"]
[WhiteTeam "SG NARVA Berlin"]
[BlackTeam "SV Mattnetz Berlin"]

1. e4 c5 2. Nf3 e6 3. c3 Nc6 4. Bb5 Qb6 5. Qe2 Nf6 6. Bxc6 Qxc6 7. e5 Nd5 8.
O-O Nf4 9. Qe3 g5 10. Nxg5 Qxg2# 1-0

[Event "Lichtenberger Sommer 2018"]
[Site "?"]
[Date "2018.08.18"]
[Round "1.19"]
[White "Wierzbicki, Jirawat"]
[Black "Junge, Wolfgang"]
[Result "1-0"]
[WhiteElo "2187"]
[BlackElo "1829"]
[PlyCount "106"]
[EventDate "2018.??.??"]
[WhiteTeam "SK König Tegel"]
[BlackTeam "SC Friesen Lichtenberg"]

1. e4 e5 2. Nf3 Nf6 3. Nc3 Bb4 4. Nxe5 d6 5. Nd3 Bxc3 6. dxc3 Nxe4 7. Nf4 O-O
8. Bd3 Nf6 9. O-O Nbd7 10. Nh5 h6 11. Ng3 Ne5 12. Be2 Re8 13. Bf4 Ng6 14. Be3
Bd7 15. Bf3 Qc8 16. Nh5 Nxh5 17. Bxh5 Bc6 18. Bxg6 fxg6 19. Qd2 Qf5 20. f3 a6
21. c4 Re7 22. Rae1 Rae8 23. b3 Re6 24. c3 Qf7 25. Bf2 Rxe1 26. Rxe1 Rxe1+ 27.
Qxe1 Qe8 28. Qd2 Qe7 29. h3 g5 30. b4 Qe6 31. c5 dxc5 32. Bxc5 Bd5 33. a3 Qd7
34. Qe3 c6 35. Qe5 Be6 36. Bd4 Kh7 37. a4 Kg8 38. a5 Kh7 39. Kf2 Kg8 40. Bc5
Qd2+ 41. Kg1 Qc1+ 42. Kf2 Qd2+ 43. Qe2 Qxe2+ 44. Kxe2 h5 45. g4 hxg4 46. hxg4
Kf7 47. Ke3 Bd5 48. f4 gxf4+ 49. Kxf4 g6 50. Ke5 Ke8 51. Kd6 Kd8 52. Be3 Bf3
53. g5 Be2 1-0

[Event "Lichtenberger Sommer 2018"]
[Site "?"]
[Date "2018.08.18"]
[Round "1.20"]
[White "Kohlmeyer, Dagobert"]
[Black "Möller, Dustin"]
[Result "0-1"]
[WhiteElo "1858"]
[BlackElo "2149"]
[PlyCount "64"]
[EventDate "2018.??.??"]
[WhiteTeam "SG Weißensee 49"]
[BlackTeam "Eckernförder SC"]

1. e4 e6 2. d4 d5 3. Nc3 Nf6 4. Bg5 Bb4 5. exd5 Qxd5 6. Bxf6 gxf6 7. Nf3 Rg8 8.
a3 Qe4+ 9. Qe2 Qxe2+ 10. Kxe2 Be7 11. Rd1 c6 12. g3 Nd7 13. Bg2 Nb6 14. Nd2 Bd7
15. Rhe1 O-O-O 16. Kf1 Kb8 17. f4 h5 18. f5 h4 19. gxh4 e5 20. dxe5 Bxf5 21.
Nf3 Rxd1 22. Nxd1 Bxc2 23. Ne3 Bd3+ 24. Kg1 Na4 25. b4 Nc3 26. exf6 Bxf6 27. h3
Ne2+ 28. Kf2 Nf4 29. Rd1 Bd8 30. Ne5 Bxh4+ 31. Kf3 Be2+ 32. Kxf4 Bxd1 0-1

[Event "Lichtenberger Sommer 2018"]
[Site "?"]
[Date "2018.08.18"]
[Round "1.21"]
[White "Amelang, Thomas"]
[Black "Schilly, Hans-Joachim"]
[Result "1-0"]
[WhiteElo "2177"]
[BlackElo "1771"]
[PlyCount "105"]
[EventDate "2018.??.??"]
[WhiteTeam "Münchener SC"]
[BlackTeam "SF Siemensstadt"]

1. e4 c6 2. d4 d5 3. e5 Bf5 4. g4 Be4 5. f3 Bg6 6. h4 h5 7. g5 e6 8. Ne2 Bb4+
9. c3 Ba5 10. Nd2 Ne7 11. Bh3 Bf5 12. Bg2 g6 13. Nf1 Nd7 14. b4 Bc7 15. Nfg3
Nb6 16. Nf4 Qd7 17. Bf1 a6 18. Qb3 O-O 19. a4 a5 20. Ba3 Ra7 21. Ngxh5 gxh5 22.
Nxh5 Qd8 23. b5 Bg6 24. Nf6+ Kg7 25. h5 Bf5 26. Qa2 Rh8 27. h6+ Kf8 28. Bc5 Ra8
29. Qa3 Nbc8 30. bxc6 bxc6 31. Rh2 Bb6 32. Rb2 Bxc5 33. Qxc5 Qc7 34. Ra3 Qa7
35. Qxa7 Rxa7 36. Rb8 c5 37. Kd2 c4 38. Ra2 Rc7 39. Rab2 Nc6 40. R2b7 Nxb8 41.
Rxc7 Nb6 42. Rb7 N6d7 43. Nxd7+ Nxd7 44. Rxd7 Kg8 45. Ra7 Bg6 46. Rxa5 Kh7 47.
Rb5 Ra8 48. a5 Bh5 49. Be2 Ra7 50. f4 Bg6 51. Bd1 Bf5 52. Bh5 Bd3 53. Kc1 1-0

[Event "Lichtenberger Sommer 2018"]
[Site "?"]
[Date "2018.08.18"]
[Round "1.22"]
[White "Baranowsky, Peter"]
[Black "Syre, Christian"]
[Result "1-0"]
[WhiteElo "1848"]
[BlackElo "2184"]
[PlyCount "38"]
[EventDate "2018.??.??"]
[WhiteTeam "SF 1903 Berlin"]
[BlackTeam "TSG Oberschöneweide"]

1. e4 d6 2. f4 Nf6 3. Nc3 g6 4. Nf3 Bg7 5. Bc4 O-O 6. Bb3 Na6 7. O-O Nc5 8. Qe1
Nxb3 9. axb3 d5 10. d3 dxe4 11. dxe4 b6 12. Qh4 Bb7 13. f5 gxf5 14. Bh6 Bxh6
15. Qxh6 Ng4 16. Qg5+ Kh8 17. Rad1 Qe8 18. h3 Rg8 19. Qf4 Nf6 1-0

[Event "Lichtenberger Sommer 2018"]
[Site "?"]
[Date "2018.08.18"]
[Round "1.23"]
[White "Niehaus, Frank"]
[Black "Bandsom, Olaf"]
[Result "1-0"]
[WhiteElo "2191"]
[BlackElo "1806"]
[PlyCount "85"]
[EventDate "2018.??.??"]
[WhiteTeam "SK König Tegel"]
[BlackTeam "SC Friesen Lichtenberg"]

1. e4 e5 2. Nf3 Nc6 3. Bb5 a6 4. Ba4 Nf6 5. O-O Be7 6. Re1 b5 7. Bb3 O-O 8. h3
Bb7 9. d3 Rb8 10. Nbd2 d6 11. c3 Nd7 12. Nf1 Na5 13. Bc2 f5 14. a4 fxe4 15.
dxe4 bxa4 16. Rxa4 Nc6 17. b4 Nb6 18. Ra1 Kh8 19. Bb3 Na7 20. Ng3 Bc8 21. Be3
Bf6 22. Qd2 Nc6 23. Red1 Ne7 24. Nh5 Ng8 25. Ng3 Ne7 26. Nh5 Ng8 27. Qe2 Nd7
28. Bc4 Qe7 29. Bxa6 Bxa6 30. Rxa6 Rb7 31. Qc4 Rfb8 32. Ng3 g6 33. Qc6 Qd8 34.
Ba7 Ne7 35. Qa4 Ra8 36. Be3 Rxa6 37. Qxa6 Rb8 38. Qc4 Nc8 39. Ra1 Ncb6 40. Qc6
Ra8 41. Ra5 Rxa5 42. bxa5 Qa8 43. Qb5 1-0

[Event "Lichtenberger Sommer 2018"]
[Site "?"]
[Date "2018.08.18"]
[Round "1.24"]
[White "Lieder, Günter"]
[Black "Moser, Axel"]
[Result "0-1"]
[WhiteElo "1830"]
[BlackElo "2144"]
[PlyCount "78"]
[EventDate "2018.??.??"]
[WhiteTeam "SK Turm Bad Hersfeld"]
[BlackTeam "SC Kreuzberg"]

1. c4 Nf6 2. Nc3 e5 3. g3 d5 4. cxd5 Nxd5 5. Bg2 Nb6 6. d3 Be7 7. Nf3 Nc6 8.
O-O O-O 9. a3 Be6 10. b4 a5 11. b5 Nd4 12. Nxe5 Bf6 13. f4 Nb3 14. Be3 Nxa1 15.
Qxa1 Nd5 16. Bd2 Qd6 17. d4 Rad8 18. Ne4 Qb6 19. a4 Nb4 20. Bxb4 Bxe5 21. fxe5
axb4 22. e3 Bd5 23. Nc5 Bxg2 24. Kxg2 Qh6 25. Rf3 b6 26. Nd3 c5 27. bxc6 Qxc6
28. Nxb4 Qe4 29. Kf2 Rc8 30. Rf4 Qb7 31. d5 Rc5 32. Qb1 Rfc8 33. Rd4 Qd7 34.
Nc6 Kh8 35. Qxb6 Rc2+ 36. Kf3 Rxh2 37. Qb1 Qh3 38. Qg1 Rh1 39. Qg2 Rf1+ 0-1

[Event "Lichtenberger Sommer 2018"]
[Site "?"]
[Date "2018.08.18"]
[Round "1.26"]
[White "Schindler, Rudolf"]
[Black "McGowan, Daniel"]
[Result "0-1"]
[WhiteElo "1835"]
[BlackElo "2139"]
[PlyCount "116"]
[EventDate "2018.??.??"]
[WhiteTeam "Lasker Steglitz-Wilmersdorf"]
[BlackTeam "SF 1903 Berlin"]

1. Nf3 d5 2. c4 e6 3. b3 Nf6 4. Bb2 Be7 5. g3 O-O 6. Bg2 b6 7. O-O Bb7 8. d4
Nbd7 9. e3 c5 10. Nc3 dxc4 11. bxc4 cxd4 12. exd4 Qc8 13. Qe2 Re8 14. Rac1 a6
15. Rfe1 Qc7 16. a3 Rac8 17. Nd1 Qb8 18. Ne3 Bf8 19. Qf1 Qa8 20. Nd2 Red8 21.
Bxb7 Qxb7 22. Qg2 Qxg2+ 23. Kxg2 Bd6 24. Red1 Rc7 25. f4 Rdc8 26. Kf3 Kf8 27.
Re1 Nb8 28. h3 Nc6 29. g4 Ne7 30. Ne4 Nxe4 31. Kxe4 f5+ 32. gxf5 Nxf5 33. Nxf5
exf5+ 34. Kxf5 Rf7+ 35. Ke4 Bxf4 36. Rcd1 Rxc4 37. Bc1 Bb8 38. Rf1 Rxf1 39.
Rxf1+ Ke8 40. Kd5 b5 41. Re1+ Kf8 42. Bg5 Rc3 43. h4 Rxa3 44. h5 Rh3 45. Rf1+
Kg8 46. Be7 Rxh5+ 47. Ke6 g5 48. Rf8+ Kg7 49. Rf7+ Kg6 50. Rf6+ Kg7 51. Bf8+
Kg8 52. Bh6 Rxh6 53. Rxh6 Kg7 54. Rh1 Kg6 55. Ra1 g4 56. Rxa6 g3 57. Rb6 Kg5
58. Rxb5+ Kg4 0-1

[Event "Lichtenberger Sommer 2018"]
[Site "?"]
[Date "2018.08.18"]
[Round "1.27"]
[White "Albert, Jörg"]
[Black "Wolff, Marie Antoinette"]
[Result "1-0"]
[WhiteElo "2141"]
[BlackElo "1780"]
[PlyCount "103"]
[EventDate "2018.??.??"]
[WhiteTeam "SV Eiche Reichenbrand"]
[BlackTeam "Leegebrucher SF"]

1. d4 d5 2. Nf3 Nf6 3. e3 Bf5 4. c4 c6 5. cxd5 cxd5 6. Nc3 a6 7. Ne5 Nbd7 8. g4
Nxe5 9. gxf5 Nc6 10. a3 e6 11. fxe6 fxe6 12. Bh3 Qd7 13. Qd3 Be7 14. Bd2 Rc8
15. b4 O-O 16. O-O b5 17. f3 Kh8 18. Kh1 Rcd8 19. Ne2 Bd6 20. Be1 Qe7 21. Bh4
e5 22. Qc2 exd4 23. Qxc6 Qxe3 24. Ng3 Qf4 25. Bxf6 Qxf6 26. Qc2 d3 27. Qg2 Rde8
28. Rad1 Qc3 29. Qd2 Qxa3 30. Qxd3 Qxb4 31. Qd4 Rd8 32. Nf5 Qxd4 33. Nxd4 Rf6
34. Nc6 Rdf8 35. Rxd5 Bxh2 36. Nd4 Bb8 37. Kg2 h6 38. Nf5 Rg6+ 39. Kf2 Ba7+ 40.
Ke2 Re8+ 41. Kd1 Bb8 42. Re1 Rf8 43. Nd4 Bh2 44. Bf5 Rg2 45. Re6 Ra2 46. Be4 b4
47. Rd7 Bf4 48. Rf7 Rd8 49. Rxf4 Rxd4+ 50. Kc1 Rd8 51. Bg6 a5 52. Rfe4 1-0